|
|
|
|
| LEADER |
00811naa a2200217 i 4500 |
| 001 |
publ31760 |
| 005 |
20250303085841.0 |
| 008 |
250303s1997 hu o 000 eng d |
| 024 |
7 |
|
|a 1036472
|2 mtmt
|
| 040 |
|
|
|a SZTE Publicatio Repozitórium
|b hun
|
| 041 |
|
|
|a eng
|
| 100 |
1 |
|
|a Vécsei László
|
| 245 |
1 |
0 |
|a Amines, purines, and amino acids in tension-type headache and cluster headache.
|h [elektronikus dokumentum] /
|c Vécsei László
|
| 260 |
|
|
|a Lippincott-Raven
|b Philadelphia (PA)
|c 1997
|
| 300 |
|
|
|a 8
|
| 300 |
|
|
|a 145-152
|
| 490 |
0 |
|
|a Headache Pathogenesis: Monoamines, Neuropeptides, Purines and Nitric oxide.
|
| 650 |
|
4 |
|a Általános orvostudomány
|
| 700 |
0 |
1 |
|a Tajti János
|e aut
|
| 700 |
0 |
1 |
|a Szok Délia
|e aut
|
| 856 |
4 |
0 |
|u http://publicatio.bibl.u-szeged.hu/31760/1/aok_klny_896_97.pdf
|z Dokumentum-elérés
|